000 00902nam a2200253Ia 4500
003 OSt
005 20220923211512.0
006 a|||||r|||| 00| 0
007 ta
008 220922b |||||||| |||| 00| 0 hin d
020 _a9789380190105 (hbk)
_c250
024 _a242,933
037 _b455, 10/02/2010, Eastern Book Linkers
_cTextual
040 _aARTS
_cARTS
_bhin
041 _2hin
_ahin
082 _aP15:3, 152Q0
100 _aझा, सुन्दर नारायण
245 0 _aअव्ययपुरूष निरूपण
246 _aAvyayapurūṣh nirūpaṇa
260 _aनई दिल्ली
_b सत्यम् पब्लिशिंग हाउस
_c2010
300 _a116पृ.
_ccm.
942 _hP15:3, 152Q0
_cTEXL
_2CC
999 _c300212
_d300212